Criterios de aplicación de las leyes (Registro nro. 313069)

Detalles MARC
000 -ENCABEZADO
Número de control [NR] 00633 a2200157 4500
005 - FECHA Y HORA DE LA ÚLTIMA TRANSACCIÓN
control field 20190806102650.0
008 - DE LONGITUD FIJA DE DATOS DE ELEMENTOS - INFORMACIÓN GENERAL
Elementos de longitud fija [NR] 190610b1993 pe ||||| |||| 00| 0 spa d
040 ## - FUENTE DE CATALOGACION [NR]
Agencia de catalogación original [NR] CO-BoUCM
Idioma de catalogación [NR] spa
Quien Cataloga Oscar Ávila (modificó)
Quien Clasifica Oscar Ávila (modificó)
041 0# - CODIGO DE IDIOMA [R]
Código de idioma para texto/pista de sonido o título separado [R] Español
100 10 - ASIENTO PRINCIPAL--NOMBRE PERSONAL [NR]
Nombre personal [NR] Ortecho Villena, Víctor Julio
ID Autoridad 97052
245 10 - MENCION DE TITULO [NR]
Título [NR] Criterios de aplicación de las leyes
Parte restante del título [NR] interpretación constitucional de los tratados
Mención de responsabilidad, etc. [NR] Víctor Julio Ortecho Villena
260 ## - PUBLICACION, DISTRIBUCION, ETC. (PIE DE IMPRENTA) [R]
Nombre del editor, distribuidor, etc. [R] Editorial Libertad
Fecha de publicación, distribución, etc. [R] 1993
Lugar de publicación, distribución, etc. [R] Perú
Fecha de fabricación [R] 1993
650 #7 - ASIENTO SECUNDARIO DE MATERIA - TERMINO TEMATICO [R]
9 (RLIN) 17899
Término temático o nombre geográfico como elemento de entrada [NR] Interpretación del derecho
942 ## - ELEMENTOS DE ENTRADA AGREGADOS (KOHA)
Tipo de ítem principal el descrito en 300a Libro
Sistema de clasificación DEWEY
Tema principal Derecho
Edición 1
Clasificación 348.5
Parte restante de la signatura top. O771c
Título oculto en OPAC No
Existencias
Signatura topográfica Código de barras Última vez visto Ejemplar Costo de reposición Price effective from Tipo de ítem Perdido Sistema de clasificación Dañado No prestable Tipo de ítem específico Suprimido Ubicación habitual Ubicación actual Localización Fecha de creación Proveedor Forma de adquisición Costo
348.5 O771c 100161026 06/12/2024 Ej.1 26000.00 07/06/2019 Libro   DEWEY     Libro   BodegaJK Claustro Préstamo 2 días después de solicitado 07/06/2019 12 Donación 0.00